000 00510nam a2200193Ia 4500
005 20250923145955.0
008 008 250917s9999 xx 000 0 eng d
037 _aTextual
040 _aDSWL
_beng
_cDSWL
041 _aeng
_2eng
084 _aY11-57x1, N94
_qDSWL
245 0 _aStreet Children
_cEd. by Asha Rane
260 _aBombay
_bT.I.S.S.
_c1994
300 _axvi,251 p.
365 _aINR
_b70.00
925 _g70.00
942 _cTEXL
_hY11-57x1, N94
999 _c1458002
_d1458002